Participantes do Campeonato Carioca 1979-2026 - Statistics

Estatísticas Gerais
  • Esse quiz foi jogado 92 vezes
    35 desde o último reset
  • A pontuação média é 22 de 38
Estatísticas das Respostas
Participantes % Correto
Botafogo
100%
Flamengo
100%
Fluminense
100%
Vasco
100%
Bangu
97%
Volta Redonda
94%
America
90%
Boavista (ant. Barreira)
84%
Resende
81%
Madureira
77%
Nova Iguaçu
77%
Olaria
71%
Portuguesa
71%
Americano
68%
Friburguense (ant. Fluminense de N. Friburgo)
68%
AA Cabofriense
65%
AD Cabofriense
65%
Audax Rio
61%
Macaé
61%
Maricá
61%
São Cristóvão
61%
Duque de Caxias
58%
Goytacaz
58%
Sampaio Corrêa
52%
Bonsucesso
48%
Tigres
45%
Campo Grande
39%
Mesquita
39%
Barra Mansa
29%
Entrerriense
29%
Niterói
26%
Quissamã
26%
Serrano
26%
Itaperuna (ant. Porto Alegre)
16%
América de Três Rios
13%
Carapebus (em sociedade com o Campos AA)
10%
Cardoso Moreira
10%
Nova Cidade
6%
Nenhum quiz correspondente encontrado
Distribuição das Pontuações
Porcentagem de Pessoas com Cada Pontuação
Percentil de Números Respondidos
Sua Pontuação Histórica
Você não jogou esse quiz desde o último reset